000 00359 a2200097 4500
245 0 0 _aLampy analizujące - Metody badań elektrycznych i elektrooptycznych Zakres normy PN-84/T-04840.00 /
_cMHiPMaszynowego.
246 1 3 _aPN-84/T-04840.00
246 1 3 _a621.385.832.522:621.397.331.24
260 _aWarszawa :
_bMHiPMaszynowego,
_c1984.
300 _a2 stron ;
_c30 cm.
650 _aPolska norma
999 _c21137
_d21137